| 000 | 00384pab a2200145 454500 | ||
|---|---|---|---|
| 008 | 180718b2002 xxu||||| |||| 00| 0 eng d | ||
| 100 | _aBokil, Miland S. | ||
| 245 | _aTribal communities and sustainable livelihoods: lessons from Bordi | ||
| 260 | _c2002 | ||
| 300 | _ap.163-86. | ||
| 362 | _aApr-Jun | ||
| 650 | _aTribes | ||
| 773 | _aJournal of Rural Development | ||
| 909 | _a53816 | ||
| 999 |
_c53816 _d53816 |
||